Evolution by natural selection

Sparad:
Bibliografiska uppgifter
Materialtyp: Bok
Språk:Undetermined
Publicerad: New York Johnson Reprint Corporation 1971
Ämnen:
Taggar: Lägg till en tagg
Inga taggar, Lägg till första taggen!
Thư viện lưu trữ: Trung tâm Học liệu Trường Đại học Cần Thơ
LEADER 00546nam a2200169Ia 4500
001 CTU_168068
008 210402s9999 xx 000 0 und d
082 |a 576.8 
082 |b D228 
245 0 |a Evolution by natural selection 
245 0 |c Charles Darwin, Alfred Russel Wallace 
260 |a New York 
260 |b Johnson Reprint Corporation 
260 |c 1971 
650 |a Evolution ( biology ),Genetics,Heredity,Di truyền học,Thuyết tiến hóa 
910 |a Nguyên 
980 |a Trung tâm Học liệu Trường Đại học Cần Thơ